000 00318nam a2200109Ia 4500
008 220120s9999||||xx |||||||||||||| ||und||
020 _a9780070532465
100 _aNIIT world class education
245 0 _aWebsphare application server V3 advanced edition administrat
260 _bNew Delhi
_c2001
300 _a1023p.
_b0
999 _c136634
_d136634